000 00369nam a2200157Ia 4500
005 20240807062137.0
008 240806s9999||||xx |||||||||||||| ||eng||
041 _aeng
082 _a891.43301
_bRAMS
100 _aRama Shankar
245 0 _aShahido ki kahaniya /
_cRama Shankar
260 _bB.M. Pub. All
300 _a116
650 _aGeneral Studies
942 _cBK
999 _c9798
_d9798